01254nam a2200217 a 450000100100000000500170001000800410002704000250006808200160009310000290010924500560013826000440019430000210023850502960025970000270055504900090058295201790059195201200077095201290089099900170101900002233120240226143342.0100927s1990 dr ac 001 0 spa d aDO-SdBNPbspacBNPHU axxxxbM296j1 aMañón, Melvin91042710aJuicio a Fidel /cMelvin Mañón, Juan Benemelis. aSanto Domingo :bEditora Taller,c1990. a228 P. ;c21 cm.2 aIntroducción - El juicio-- El anillo de los Nibelungos -- La noche de los cuchillos largos -- El cartel de la Habana -- La crisis política -- El poder totalitario de Fidel Castro -- La revolución traicionada -- La devacle del sistema -- Después de Ochoa -- Sin elegías en el ocaso.1 aBenemelis, Juan946089 aBNPD 0010718PDaPDbPDcCTd2010-09-27iLF1l0oxxxx M296jp22331-10r2020-06-25w2020-06-25yLFPDzPerteneció a la biblioteca personal de Germán Emilio Ornes.ZNo se presta 0010718PDaPDbPDcCTd2011-07-18iLF1l0oxxxx M296jp22331-20r2020-06-25te. 2w2020-06-25yLFPDZNo se presta 001054708DSaPDbPDcCTd2013-06-25iLF1l0oxxxx M296jp22331-30r2020-06-25te. 3w2020-06-25yLFDSZPréstamo en sala c21829d21829